Mil mesetas : capitalismo y esquizofrenia /
Guardado en:
| Autor Principal: | |
|---|---|
| Otros Autores: | |
| Formato: | Libro |
| Publicado: |
Valencia :
Pre-textos,
2002
|
| Edición: | 5a. ed. |
| Series: | Pre-texto Ensayo ; 94
|
| Materias: | |
| Etiquetas: |
Agregar Etiqueta
Sin Etiquetas, Sea el primero en etiquetar este registro!
|
| LEADER | 00677nam a22002295a 4500 | ||
|---|---|---|---|
| 001 | EHU.bham028480 | ||
| 003 | AR-BHAM | ||
| 005 | 20110518140749.0 | ||
| 008 | 130507s2002##################000#0#####d | ||
| 082 | 1 | 0 | |a 102 |
| 100 | 1 | |a Deleuze, Gilles | |
| 245 | 1 | 0 | |a Mil mesetas : |b capitalismo y esquizofrenia / |c Gilles Deleuze , Felix Guattari , |
| 250 | |a 5a. ed. | ||
| 260 | |a Valencia : |b Pre-textos, |c 2002 | ||
| 300 | |a 522 p. | ||
| 490 | 0 | |a Pre-texto Ensayo ; 94 | |
| 500 | |a Trad. por José Vázquez Pérez | ||
| 653 | |a Capitalismo | ||
| 653 | |a Nomadologia | ||
| 653 | |a Linguistica | ||
| 700 | 1 | |a Guattari, Felix | |
| 859 | |a AR-BHAM |b BIB. HUMANIDADES - General |h 102 |i D378-1 |p 990.05 |t Ej.1 | ||
